00607 2200205 4500001002100000005001500021035002000036245010000056100002100156250000600177300003200183700000900215260003600224082001200260084001800272020002200290600003100312008004100343990001700384INLIS00000000000186920260114091153 a0010-01260000051 aIlmuwan Muslim :bIbnu Haitsam Ahli Fisika dan Matematika /cRahman As-Sudais; Ilustrator, Nano0 aRahman As-Sudais a- a18 hlm. :bilus. ;c17,5 cm0 aNano aBandung :bPelangi Mizan,c2021 a297.092 a297.092 RAH i a978-602-472-265-4 4aBiografi Tokoh Agama Islam260114 0  a05460/H/2026